| 000 | 00330nam a2200109Ia 4500 | ||
|---|---|---|---|
| 005 | 20251222154423.0 | ||
| 008 | 251222s9999||||xx |||||||||||||| ||spa|| | ||
| 082 | _aREF.413.03/V39/T.2 | ||
| 100 | _a"Velázquez de la Cadena, Mariano" | ||
| 245 | 0 | _aNuevo diccionario de pronunciación de las lenguas inglesa y española | |
| 942 | _cLIB | ||
| 999 |
_c36107 _d36107 |
||